000 00300nam a22001337a 4500
008 170814b xxu||||| |||| 00| 0 eng d
020 _a9780137783410
041 _aeng
080 _28TH
_a51
100 _a36
101 _aMAT
245 _aFUNDAMENTALS OF MATHEMATICS
_cSETEK,W.M
942 _2udc
_cBK
999 _c23392
_d23392